000 00416nam a22001697a 4500
003 MPLRDC
005 20220104123833.0
008 210129b ||||| |||| 00| 0 eng d
020 _a962-436-163-0
082 _a225.5 LFM
100 _a廖凤明
245 _a一点天地心
_c
260 _a
_b聚贤馆文化有限公司
_c1993
300 _b
650 _a佛教教化法, 教育
942 _cBK
_o225.5 LFM
999 _c14585
_d14575